Dolyaasaathee Nisargopachaar (Record no. 349831)

MARC details
000 -LEADER
fixed length control field 004140000a22001690004500
005 - DATE AND TIME OF LATEST TRANSACTION
control field 20120302055944.0
040 ## - CATALOGING SOURCE
Original cataloging agency MAR
100 ## - MAIN ENTRY--PERSONAL NAME
Personal name Sawaji,Sunita Vidyaadhar
245 ## - TITLE STATEMENT
Title Dolyaasaathee Nisargopachaar
260 ## - PUBLICATION, DISTRIBUTION, ETC. (IMPRINT)
Place of publication, distribution, etc Thane:Vidyaadhar Vithal Sawaji,1997.
300 ## - PHYSICAL DESCRIPTION
Extent 27p.
365 ## - TRADE PRICE
Price amount 25/-
650 ## - SUBJECT ADDED ENTRY--TOPICAL TERM
Topical term or geographic name as entry element Aarogyashaastra
650 ## - SUBJECT ADDED ENTRY--TOPICAL TERM
Topical term or geographic name as entry element Netravikaar-Upchaar
650 ## - SUBJECT ADDED ENTRY--TOPICAL TERM
Topical term or geographic name as entry element Nisargopachaar-Dole
942 ## - ADDED ENTRY ELEMENTS (KOHA)
Koha item type Book
Holdings
Withdrawn status Lost status Damaged status Not for loan Home library Current library Date acquired Total Checkouts Barcode Date last seen Price effective from
        Institute For Oriental Study, Thane Institute For Oriental Study, Thane 12/02/2009   IOS-14520 12/02/2009 12/02/2009